000 00491nam a2200181Ia 4500
005 20250508164016.0
008 008 250505s9999 xx 000 0 eng d
037 _aTextual
040 _aFEDL
_beng
_cFEDL
041 _aeng
_2eng
084 _a823, WIL
_qFEDL
100 _aWilson Vijaya Ed.
_9777054
245 0 _aCarpenter's apprentice
260 _aNew Delhi, India
_bKatha Publication
_c2000
300 _a131p.
942 _cTEXL
_h823, WIL
999 _c1386549
_d1386549